000 00475cam a2200181ua 4500
020 _c185.00
041 _aeng
_h
082 _a633.081
_bSIN/MO
100 _aSingh , Chidda .
245 _aModern techniques of raising field crops /
_cChidda Singh.
_hTextual Documents
260 _aNew Delhi :
_bOxford & IBH Publishing company ,
_c2001.
300 _a523 ; .
365 _a185.00
504 _a
942 _cBK
999 _c3285
_d3285